1462 1412 1465 1436 1349 1674 1988 1687 1059 1830 1964 1241 1343 1734 1078 1161 1341 1676 1566 1434 1953 1708 1704 1778 1659 1243 1147 1112 1407 1632 1543 1025 1367 1689 1813 1849 1231 1705 1952 1697 1089 1233 1423 1727 1191 1315 1152 1617 1041 1452 1429 1618 1857 1595 1805 1420 1231 1130 1999 1485 1215 1924 1140 1887 1848 1034 1639 1937 1977 1304 1823 1676 1377 1709 1662 1566 1994 1244 1029 1316 1469 1153 1003 1603 1622 1762 1632 1499 1242 1385 1400 1782 1439 1528 1157 1346 1194 1734 1590 BCNSPRNW ULIB Ver.6.0+V

เปลี่ยนเป็นภาษาไทย

Change to English
 แสดงรายละเอียดบรรณานุกรม
  กลับหน้าหลัก

Brief Record : Get Marc (ISO 2709) : E-mail record : QR code < ปิดหน้าต่าง
LEADER : 00000nam 2200000uu 4500
001    13399127974
003     ULIB
008    020711s2563 th a 000 0 tha d
020    ^a9786169342137
050    ^aนว.^bพ-ย
100    ^aพันธุ์พเยีย
245    ^aย้อนรอยกามเทพ
250    ^aพิมพ์ครั้งที่ 1
260    ^aกรุงเทพฯ :^bบางรักษ์,^c2563
300    ^a552 หน้า;^b21 ซม.
650    ^aนวนิยาย
945    ^p370^l0^i008564
999    ^aประนอม เกษจรัล
รายการนี้ยังไม่มีแท็ก
คุณยังไม่ได้ล็อกอิน คุณสามารถมีกิจกรรมร่วมกับเว็บไซต์ได้ แต่ต้องล็อกอินก่อน ::
  ล็อกอิน

รายการสื่อสารสนเทศ

ลำดับที่ ประเภท เลขเรียก/บาร์โค้ด สถานที่ สถานะ
1. นวนิยาย
นวนิยาย
นว. พ-ย ฉ.1 
  Barcode: 008564
ห้องสมุดวิทยาเขตสวรรค์ประชารักษ์
►นวนิยาย
บนชั้น
  ขอยืม

รายการใกล้เคียง
    ชื่อเรื่อง [ย้อนรอยกามเทพ]

    ผู้แต่ง [พันธุ์พเยีย]

    หัวเรื่อง [นวนิยาย]

BibComment


ยังไม่เคยถูกคอมเมนท์

คอมเมนท์ทรัพยากรรายการนี้
  คอมเมนท์: ย้อนรอยกามเทพ


 Copyright 2026. Bcnsprnw @Library